[Event "Tournoi Skype 022B"]
[Site "Skype"]
[Date "????.??.??"]
[Round "6.1"]
[White "Ricieri, Vanilda"]
[Black "Ramirez Reina, Orlando"]
[Result "1-0"]
[WhiteElo "1327"]
[BlackElo "1301"]
[PlyCount "83"]

1. e4 d5 2. exd5 Qxd5 3. Nc3 Qd6 4. d4 Nf6 5. Nf3 Bg4 6. Be2 Bxf3 7. Bxf3 g6 8.
Bxb7 Qe6+ 9. Qe2 Qxe2+ 10. Nxe2 Nbd7 11. Bxa8 Bg7 12. Bc6 O-O 13. Bxd7 Nxd7 14.
O-O Nb6 15. c3 Nd5 16. Nf4 c6 17. Re1 e6 18. Bd2 Rb8 19. Nd3 a5 20. b3 h5 21.
Nc5 Ra8 22. Rad1 Nf6 23. c4 Bf8 24. Ne4 Kg7 25. Nxf6 Kxf6 26. Bc3 Bb4 27. Bxb4
axb4 28. Rd2 Rd8 29. Red1 g5 30. g3 Kf5 31. d5 exd5 32. cxd5 cxd5 33. Rxd5+
Rxd5 34. Rxd5+ Kg6 35. Rb5 f5 36. Rxb4 g4 37. a4 Kg5 38. a5 h4 39. a6 hxg3 40.
a7 gxf2+ 41. Kxf2 Kh4 42. a8=Q 1-0

[Event "Tournoi Skype 022B"]
[Site "Skype"]
[Date "????.??.??"]
[Round "6.2"]
[White "Legueltel, Daniel"]
[Black "Junqueira, Leonardo De Faria"]
[Result "0-1"]
[WhiteElo "1684"]
[BlackElo "1400"]
[PlyCount "42"]

1. d4 Nf6 2. c4 e5 3. dxe5 Ng4 4. Nf3 Nc6 5. e3 Ngxe5 6. Be2 Nxf3+ 7. Bxf3 Ne5
8. Be2 Bb4+ 9. Nd2 O-O 10. O-O d5 11. Qb3 Bxd2 12. Bxd2 dxc4 13. Bxc4 Nxc4 14.
Qxc4 Qxd2 15. Rad1 Qxb2 16. Rd4 Be6 17. Qxc7 Rac8 18. Qg3 Rc1 19. f4 Rxf1+ 20.
Kxf1 f5 21. Qg5 Qxa2 0-1

[Event "Tournoi Skype 022B"]
[Site "Skype"]
[Date "????.??.??"]
[Round "6.3"]
[White "Borg, Anthony"]
[Black "Couto, Januario"]
[Result "1-0"]
[WhiteElo "1237"]
[BlackElo "1500"]
[PlyCount "37"]

1. Nf3 f5 2. d4 Nf6 3. d5 d6 4. c4 c5 5. Nc3 g6 6. h4 Bg7 7. Bg5 Na6 8. Bxf6
Bxf6 9. h5 g5 10. g4 f4 11. Ne4 h6 12. Nxf6+ exf6 13. Bh3 Qa5+ 14. Nd2 O-O 15.
O-O Re8 16. e3 fxe3 17. fxe3 Kg7 18. Qc2 Qc7 19. Qg6+ 1-0

[Event "Tournoi Skype 022B"]
[Site "Skype"]
[Date "????.??.??"]
[Round "6.4"]
[White "Fouquereau, Andre"]
[Black "Vilone, Rino"]
[Result "1-0"]
[WhiteElo "1479"]
[BlackElo "1400"]
[PlyCount "21"]

1. e4 e5 2. Nf3 Nc6 3. c3 d5 4. exd5 Qxd5 5. d3 Nf6 6. Be2 Be7 7. O-O O-O 8.
Qc2 Bf5 9. Nbd2 a6 10. Nh4 Rfd8 11. Nxf5 1-0

[Event "Tournoi Skype 022B"]
[Site "Skype"]
[Date "????.??.??"]
[Round "6.5"]
[White "Hernandez, George"]
[Black "Rangasamy, Jayaprakash"]
[Result "0-1"]
[WhiteElo "1429"]
[BlackElo "1199"]
[PlyCount "84"]

1. e4 e6 2. d4 d5 3. e5 c5 4. Nf3 Bd7 5. Nc3 Nc6 6. Nb5 a6 7. Nd6+ Bxd6 8. exd6
cxd4 9. Nxd4 Rc8 10. Nb3 Qb6 11. Be3 Qb4+ 12. Bd2 Qxd6 13. Qf3 Nf6 14. O-O-O
Ne4 15. Bc3 Qe7 16. Bxg7 Qg5+ 17. Kb1 Qxg7 18. Be2 Nb4 19. Rc1 Ba4 20. Rhd1 b5
21. a3 Nxc2 22. Rxc2 Rxc2 23. Kxc2 Nc5 24. Kb1 Bxb3 25. Rc1 Qd4 26. Rxc5 Qxc5
27. Qxb3 Qxf2 28. Qc2 Qe1+ 29. Ka2 Kf8 30. Bh5 Qh4 31. g4 Qe7 32. Qc6 Kg7 33.
Qxa6 d4 34. Qxb5 Rd8 35. g5 e5 36. h4 d3 37. Qb3 e4 38. Qc3+ Kg8 39. Qc4 e3 40.
g6 hxg6 41. Bxg6 Qe6 42. Bxd3 Rxd3 0-1

[Event "Tournoi Skype 022B"]
[Site "Skype"]
[Date "????.??.??"]
[Round "6.6"]
[White "Navghane, Rahul"]
[Black "Cayo, Ana Carolina"]
[Result "1/2-1/2"]
[WhiteElo "1396"]
[BlackElo "1496"]
[PlyCount "94"]

1. e4 c6 2. d4 d5 3. Nc3 dxe4 4. Nxe4 Bf5 5. Nc3 e6 6. Nf3 Nf6 7. h3 Be7 8. Bd3
Bxd3 9. Qxd3 O-O 10. Bf4 h6 11. O-O-O Nbd7 12. Ne5 Nxe5 13. Bxe5 Nd5 14. Nxd5
cxd5 15. Qg3 Bf6 16. Rhe1 Rc8 17. Bf4 Bg5 18. Bxg5 Qxg5+ 19. Qxg5 hxg5 20. c3
b5 21. Re5 g4 22. h4 b4 23. Kc2 a5 24. Kb3 Rc4 25. a3 bxc3 26. bxc3 Rb8+ 27.
Kc2 Rbc8 28. Rd3 a4 29. Re1 Rb8 30. Rb1 Rxb1 31. Kxb1 f6 32. Kc2 g5 33. hxg5
fxg5 34. Kd2 Rc8 35. Re3 Kf7 36. f3 gxf3 37. Rxf3+ Kg6 38. g4 Rh8 39. Kd3 Rh1
40. Rg3 Ra1 41. Kc2 Rxa3 42. Kb2 Rb3+ 43. Ka2 Kf6 44. Rf3+ Kg6 45. Re3 Kf6 46.
Rf3+ Kg6 47. Re3 Kf6 1/2-1/2

[Event "Tournoi Skype 022B"]
[Site "Skype"]
[Date "????.??.??"]
[Round "6.7"]
[White "Vincent, Andre"]
[Black "Aranzubia, Desiderio"]
[Result "0-1"]
[WhiteElo "1263"]
[BlackElo "1488"]
[PlyCount "72"]

1. e4 c5 2. Nf3 Nc6 3. d4 cxd4 4. Nxd4 g6 5. Bb5 a6 6. Bc4 b5 7. Bd5 Bb7 8. O-O
e6 9. Bxc6 dxc6 10. e5 Bg7 11. Bf4 Ne7 12. Nc3 Qc7 13. Qe2 c5 14. Nf3 Nd5 15.
Nxd5 Bxd5 16. b3 O-O 17. c4 Bc6 18. Rfd1 bxc4 19. bxc4 Bxf3 20. gxf3 Rfd8 21.
Rxd8+ Rxd8 22. Kg2 Rd4 23. Kg3 g5 24. Bxg5 Qxe5+ 25. Qxe5 Bxe5+ 26. Kg2 Rxc4
27. Rd1 Bd4 28. Rd2 Kg7 29. h4 Kg6 30. Bf4 Bxf2 31. Rxf2 Rxf4 32. Kg3 Rc4 33.
f4 Kf5 34. a3 Rc3+ 35. Rf3 Rxf3+ 36. Kxf3 e5 0-1

[Event "Tournoi Skype 022B"]
[Site "Skype"]
[Date "????.??.??"]
[Round "6.8"]
[White "Bhandari, Dattatrey"]
[Black "Milanese, Serge"]
[Result "1-0"]
[WhiteElo "1298"]
[BlackElo "1400"]
[PlyCount "61"]

1. e4 e5 2. Nf3 Nc6 3. Bc4 Bc5 4. d4 exd4 5. Ng5 Ne5 6. f4 Nxc4 7. c3 dxc3 8.
Qd5 Qe7 9. Qxc4 d5 10. Qxc3 dxe4 11. Qxg7 Qf6 12. Qxf6 Nxf6 13. Nc3 Bf5 14. Na4
Bd4 15. Bd2 h6 16. Nh3 Rg8 17. Bc3 Be3 18. Bxf6 Rxg2 19. Nc3 Bxh3 20. Nd5 Bd2+
21. Kd1 Bxf4 22. Nxf4 Bg4+ 23. Ke1 Rc2 24. h3 Bf3 25. Rg1 Kf8 26. Bg7+ Ke7 27.
Bxh6 Rd8 28. Bg5+ f6 29. Bh6 Rdd2 30. Ng6+ Ke6 31. Bxd2 1-0

[Event "Tournoi Skype 022B"]
[Site "Skype"]
[Date "????.??.??"]
[Round "6.10"]
[White "Vervoort, Jean-Louis"]
[Black "Malbec, Robert"]
[Result "0-1"]
[WhiteElo "1307"]
[BlackElo "1467"]
[PlyCount "96"]

1. d4 d5 2. c4 e6 3. Nc3 Nf6 4. Bg5 c6 5. Nf3 h6 6. Bxf6 Qxf6 7. e3 Bb4 8. Bd3
dxc4 9. Bxc4 b5 10. Bb3 Bxc3+ 11. bxc3 O-O 12. O-O Nd7 13. Qd3 Bb7 14. Bc2 g6
15. e4 e5 16. dxe5 Nxe5 17. Qe3 Nxf3+ 18. Qxf3 Qxf3 19. gxf3 Ba6 20. Rfd1 Rad8
21. Rd4 c5 22. Rd5 Rxd5 23. exd5 Rd8 24. Rd1 Bb7 25. d6 Bxf3 26. Rd2 Re8 27.
Kf1 Bg4 28. Kg2 Rd8 29. f3 Be6 30. a3 f5 31. h4 a6 32. f4 Bd7 33. Bd1 Kf7 34.
h5 Rg8 35. Kh3 g5 36. Kg3 Rd8 37. fxg5 hxg5 38. h6 Kg6 39. Rh2 Rh8 40. h7 Rxh7
41. Rxh7 Kxh7 42. Kf3 Kg7 43. Bc2 Kf6 44. Kg3 Ke5 45. Kf3 Kxd6 46. Kg3 Kd5 47.
Kf3 Kc4 48. Kg3 Kxc3 0-1

[Event "Tournoi Skype 022B"]
[Site "Skype"]
[Date "????.??.??"]
[Round "6.11"]
[White "Ram, Madhukesh"]
[Black "Aceituno, Stebe"]
[Result "0-1"]
[WhiteElo "1230"]
[BlackElo "1427"]
[PlyCount "106"]

1. d4 Nf6 2. Nc3 g6 3. e4 d6 4. Nf3 Bg7 5. Bd3 O-O 6. O-O Nc6 7. Be3 Ng4 8. h3
Nxe3 9. fxe3 e5 10. Ne2 exd4 11. Nexd4 Nxd4 12. exd4 c6 13. c3 Qb6 14. Qc2 Be6
15. Qf2 Rac8 16. d5 Qxf2+ 17. Rxf2 cxd5 18. Ng5 dxe4 19. Nxe6 fxe6 20. Bxe4
Rxf2 21. Kxf2 Rf8+ 22. Kg1 d5 23. Bf3 b6 24. Re1 d4 25. Rf1 dxc3 26. bxc3 Bxc3
27. Kh1 Bd4 28. Re1 e5 29. Be4 Rf2 30. a4 Kg7 31. Rc1 Bc5 32. Re1 Kf6 33. Bf3
g5 34. Kh2 Kf5 35. Be4+ Kf4 36. Bxh7 g4 37. Re4+ Kg5 38. Rxg4+ Kh5 39. Be4 Rf1
40. Rg7 Bd6 41. Rxa7 Re1 42. Rh7+ Kg5 43. Bc2 e4+ 44. g3 Re2+ 45. Kg1 Rxc2 46.
Rg7+ Kf5 47. Rf7+ Ke6 48. Rg7 e3 49. Rg6+ Kd5 50. Rg5+ Ke4 51. Rg4+ Kf3 52. Rg6
Bxg3 53. Rxb6 Rc1# 0-1

[Event "Tournoi Skype 022B"]
[Site "Skype"]
[Date "????.??.??"]
[Round "6.12"]
[White "Khabou, Taha"]
[Black "Munoz Gonzalez, Martin"]
[Result "0-1"]
[WhiteElo "1000"]
[BlackElo "1406"]
[PlyCount "32"]

1. c4 g6 2. e4 Bg7 3. d4 d6 4. Nf3 Nf6 5. Nc3 O-O 6. d5 c6 7. Be3 cxd5 8. cxd5
Nbd7 9. Be2 Nc5 10. Bxc5 dxc5 11. O-O a6 12. Rc1 b5 13. a3 Ng4 14. Re1 Qd6 15.
Ng5 Qxh2+ 16. Kf1 Qh1# 0-1

[Event "Tournoi Skype 022B"]
[Site "Skype"]
[Date "????.??.??"]
[Round "6.13"]
[White "Lemoine, Gerard"]
[Black "Sanchez Padilla, Armando Edilber"]
[Result "1-0"]
[WhiteElo "1396"]
[BlackElo "1278"]
[PlyCount "77"]

1. d4 d5 2. c4 Nf6 3. Nc3 c6 4. Nf3 e6 5. Bg5 h6 6. Bh4 dxc4 7. a3 Bd6 8. e4
Bc7 9. Bxc4 b5 10. Be2 O-O 11. e5 g5 12. Nxg5 hxg5 13. Bxg5 Nbd7 14. exf6 Nxf6
15. Ne4 Kh7 16. Nxf6+ Kg6 17. Nh7 Qd5 18. Nxf8+ Kxg5 19. Qd2+ Kf6 20. Nh7+ Kg6
21. Bf3 Qf5 22. Bxc6 Kxh7 23. Bxa8 e5 24. f3 Ba6 25. Be4 Qxe4+ 26. fxe4 Bb7 27.
d5 Bd6 28. Rf1 Kg7 29. Qg5+ Kf8 30. Qd8+ Kg7 31. Qxd6 Bc8 32. Qf6+ Kh7 33.
Qxf7+ Kh6 34. Qf8+ Kg5 35. Qxc8 a5 36. Rf8 b4 37. Qf5+ Kh6 38. Rg8 b3 39. Qg6#
1-0

[Event "Tournoi Skype 022B"]
[Site "Skype"]
[Date "????.??.??"]
[Round "6.14"]
[White "Torres, Vicky"]
[Black "Briere, Jean"]
[Result "0-1"]
[WhiteElo "1277"]
[BlackElo "1381"]
[PlyCount "72"]

1. c4 e5 2. Nc3 Nf6 3. g3 d5 4. b3 d4 5. Na4 Bd7 6. Bg2 e4 7. e3 Bxa4 8. bxa4
Nc6 9. Bb2 d3 10. Nh3 Be7 11. a3 Na5 12. Bxf6 Bxf6 13. Rc1 Qe7 14. c5 h6 15.
O-O Bb2 16. Nf4 Bxc1 17. Qxc1 Nb3 18. Qc3 Nxc5 19. Nd5 Qd6 20. Qxg7 O-O-O 21.
Qxf7 Qxd5 22. Bh3+ Kb8 23. Qxd5 Rxd5 24. f3 Rf8 25. f4 Rd6 26. f5 Nd7 27. g4
Nf6 28. Rf4 Rc6 29. Kf2 Rc2 30. Ke1 Rc1+ 31. Kf2 Rd1 32. Kg3 Rxd2 33. a5 a6 34.
Bg2 Rxg2+ 35. Kxg2 d2 36. Kf2 d1=Q 0-1

[Event "Tournoi Skype 022B"]
[Site "Skype"]
[Date "????.??.??"]
[Round "6.15"]
[White "Yanez, Leticia Jorgelina"]
[Black "Codina, Teresa"]
[Result "0-1"]
[WhiteElo "1348"]
[BlackElo "1236"]
[PlyCount "66"]

1. e4 c5 2. c4 d6 3. Nc3 Nf6 4. d3 g6 5. Bf4 Bg7 6. Nf3 O-O 7. Be2 Nc6 8. d4
cxd4 9. Nxd4 Nxd4 10. Qxd4 e5 11. Bxe5 dxe5 12. Qxe5 Bd7 13. Rd1 Qb6 14. b3 Bc6
15. O-O Rfe8 16. Qg3 Nxe4 17. Nxe4 Bxe4 18. Bf3 Bc6 19. Rd6 Be5 20. Bxc6 Bxg3
21. hxg3 bxc6 22. Rd7 c5 23. Rfd1 Qa5 24. Kh2 Qxa2 25. R1d6 Qxf2 26. Rd2 Qe3
27. R7d3 Qh6+ 28. Kg1 a5 29. Rf2 a4 30. Ra2 axb3 31. Rxa8 Rxa8 32. Rxb3 Qc1+
33. Kh2 Qxc4 0-1

[Event "Tournoi Skype 022B"]
[Site "Skype"]
[Date "????.??.??"]
[Round "6.16"]
[White "Douichi, Mohammed"]
[Black "Escudero Ocana, Francisco"]
[Result "0-1"]
[WhiteElo "1165"]
[BlackElo "1333"]
[PlyCount "122"]

1. e4 e5 2. c3 Nf6 3. Be2 Nxe4 4. Qa4 Nf6 5. Nf3 Nc6 6. O-O d5 7. Re1 e4 8. Nd4
Bd7 9. Bb5 Nxd4 10. Bxd7+ Qxd7 11. Qxd4 c5 12. Qe3 Qc7 13. d4 Ng4 14. Qh3 Nf6
15. Be3 Rd8 16. Nd2 Bd6 17. Nf3 O-O 18. Nd2 cxd4 19. Bxd4 Be5 20. Bxa7 b6 21.
g3 Qxa7 22. Nb3 Qd7 23. Qf1 Bd6 24. Red1 Bc5 25. Nxc5 bxc5 26. Qe1 Qh3 27. Qf1
Qxf1+ 28. Kxf1 Ng4 29. Kg1 f5 30. h3 Ne5 31. f4 Nd3 32. Rd2 Rfe8 33. b3 d4 34.
cxd4 cxd4 35. a4 Nc5 36. Rb1 e3 37. Rdd1 e2 38. Re1 d3 39. a5 d2 40. Rxe2 Rxe2
41. Kf1 Re1+ 42. Rxe1 dxe1=Q+ 43. Kxe1 Nxb3 44. a6 Ra8 45. Kf2 Rxa6 46. Ke3
Re6+ 47. Kf3 Nd2+ 48. Kf2 Kf7 49. h4 Re4 50. h5 h6 51. Kg2 Re2+ 52. Kh3 Nf3 53.
g4 fxg4+ 54. Kxg4 Nd4 55. Kg3 Kf6 56. Kg4 Rg2+ 57. Kh3 Rg1 58. Kh4 Kf5 59. Kh3
Kxf4 60. Kh4 Nf3+ 61. Kh3 Rg3# 0-1

[Event "Tournoi Skype 022B"]
[Site "Skype"]
[Date "????.??.??"]
[Round "6.18"]
[White "Erten, Ozlem"]
[Black "Le Bouill, Pierre"]
[Result "1-0"]
[WhiteElo "1112"]
[BlackElo "1227"]
[PlyCount "61"]

1. Nf3 Nf6 2. d4 g6 3. c4 c6 4. Nc3 e6 5. Bf4 Bg7 6. Bd6 b6 7. e3 Bf8 8. Bxf8
Rxf8 9. Bd3 d5 10. O-O b5 11. cxb5 Bd7 12. bxc6 Nxc6 13. a3 Rg8 14. Rc1 Kf8 15.
Qc2 Qb8 16. Nb5 a6 17. Qc5+ Kg7 18. Ne5 Nxe5 19. dxe5 Qxe5 20. f4 Qb8 21. Nc7
Ra7 22. Nxa6 Qf8 23. Qxa7 Qe7 24. Qd4 Rd8 25. g4 Kg8 26. g5 Nh5 27. Rc7 f6 28.
Nc5 e5 29. fxe5 fxe5 30. Qxd5+ Be6 31. Rxe7 1-0

[Event "Tournoi Skype 022B"]
[Site "Skype"]
[Date "????.??.??"]
[Round "6.19"]
[White "Cengiz, Ali Ekber"]
[Black "De Nobrega, George"]
[Result "1-0"]
[WhiteElo "1201"]
[BlackElo "1396"]
[PlyCount "79"]

1. e4 e5 2. Nf3 d6 3. Bb5+ Bd7 4. Bc4 h6 5. Nc3 Nf6 6. h3 Bc6 7. d3 Nbd7 8. Be3
Nb8 9. O-O Be7 10. Re1 Qd7 11. Bd2 b5 12. Bb3 a5 13. a4 bxa4 14. Nxa4 O-O 15.
Nh4 Nxe4 16. dxe4 Bxh4 17. Re3 Qe7 18. Bd5 Bxd5 19. exd5 Qf6 20. Be1 Nd7 21.
Nc3 Nb6 22. Qe2 Ra7 23. Nb5 Rb7 24. Rf3 Qe7 25. Re3 Nxd5 26. Re4 Ra8 27. g3 Bf6
28. Bxa5 c6 29. Qd3 Rxb5 30. Rea4 Rxb2 31. c4 Nc7 32. Qa3 Rbb8 33. Rb4 Rxb4 34.
Qxb4 Kh7 35. Qb7 Re8 36. Bxc7 e4 37. Qxc6 Bxa1 38. Bxd6 Qe6 39. Qd5 Qxd5 40.
cxd5 1-0

[Event "Tournoi Skype 022B"]
[Site "Skype"]
[Date "????.??.??"]
[Round "6.20"]
[White "Duthoit, Bernard"]
[Black "Bustos, Ricardo"]
[Result "1-0"]
[WhiteElo "1515"]
[BlackElo "1250"]
[PlyCount "84"]

1. e4 c5 2. Nf3 Nc6 3. c3 Nf6 4. e5 Ng8 5. d4 d6 6. exd6 Qxd6 7. d5 Ne5 8. c4
Bg4 9. Be2 Nxf3+ 10. Bxf3 Bxf3 11. Qxf3 Qe5+ 12. Qe3 Qxe3+ 13. Bxe3 b6 14. Nc3
Nf6 15. h3 e6 16. dxe6 fxe6 17. O-O Be7 18. Rfe1 O-O 19. Bg5 Rae8 20. Rxe6 h6
21. Bxf6 Bxf6 22. Rae1 Rxe6 23. Rxe6 Bxc3 24. bxc3 Kf7 25. Rc6 Ke7 26. Rc7+ Kd6
27. Rxa7 Rf4 28. Rxg7 Rxc4 29. Rg6+ Kd5 30. Rxb6 Rxc3 31. Rxh6 Ra3 32. Rh5+ Kc4
33. Rh8 Rxa2 34. Rd8 Kc3 35. f4 c4 36. f5 Ra6 37. g4 Kc2 38. g5 c3 39. f6 Kb2
40. f7 c2 41. Rd2 Kb1 42. Rxc2 Kxc2 1-0

[Event "Tournoi Skype 022B"]
[Site "Skype"]
[Date "????.??.??"]
[Round "6.21"]
[White "Maccaferri, Massimo"]
[Black "Porcabeuf, Jean-Marc"]
[Result "1-0"]
[WhiteElo "1357"]
[BlackElo "1224"]
[PlyCount "97"]

1. Nf3 d5 2. Nc3 Nf6 3. d4 e6 4. h4 h6 5. g4 Nxg4 6. Bf4 a6 7. Qd2 Bd6 8. O-O-O
c5 9. dxc5 Bxc5 10. Be3 Nxe3 11. fxe3 Qb6 12. Nd4 Nc6 13. Na4 Qa7 14. Nxc5 Qxc5
15. Nb3 Qd6 16. e4 b5 17. exd5 exd5 18. Qe3+ Ne7 19. Bg2 O-O 20. Nd2 a5 21.
Rhg1 Bb7 22. Bf3 Ng6 23. h5 Rfe8 24. Ne4 Qc6 25. hxg6 fxg6 26. Nf6+ Qxf6 27.
Qd2 Rad8 28. Rdf1 Qh4 29. Rxg6 Kh7 30. Rb6 Ba8 31. Rxb5 a4 32. Qd3+ Kg8 33.
Bxd5+ Bxd5 34. Rxd5 Rc8 35. b3 axb3 36. Qxb3 Qe4 37. Rd4+ Qe6 38. Rd5 Kh7 39.
Qd3+ Kg8 40. a4 Qc6 41. a5 Rxe2 42. Qxe2 Qxd5 43. a6 Qa2 44. Rd1 Qa1+ 45. Kd2
Qa2 46. Ke1 Rxc2 47. Rd8+ Kh7 48. Qe4+ g6 49. Qe8 1-0

[Event "Tournoi Skype 022B"]
[Site "Skype"]
[Date "????.??.??"]
[Round "6.22"]
[White "Farfallini, Michel"]
[Black "Hernandez Lopez, Joaquin"]
[Result "1-0"]
[WhiteElo "1221"]
[BlackElo "1318"]
[PlyCount "133"]

1. e4 e5 2. Nf3 Nf6 3. Nxe5 d6 4. Nf3 Nxe4 5. d3 Nf6 6. Nc3 c6 7. Bg5 Bg4 8.
Qe2+ Qe7 9. Ne4 Qe6 10. Nxf6+ gxf6 11. Qxe6+ fxe6 12. Bxf6 Rg8 13. Nd4 Nd7 14.
Bh4 Bg7 15. c3 Bf6 16. Bxf6 Nxf6 17. f3 Bf5 18. Nxf5 exf5 19. O-O-O O-O-O 20.
Re1 Rge8 21. Be2 Rd7 22. d4 Rde7 23. Kd1 Nd5 24. Kd2 Nf4 25. Bd3 Nxg2 26. Bxf5+
Kd8 27. Rxe7 Rxe7 28. Rg1 Ne3 29. Bb1 Nc4+ 30. Kc2 Re2+ 31. Kd3 Rxb2 32. Kxc4
d5+ 33. Kc5 Rxh2 34. Kd6 Rh6+ 35. Ke5 Rh5+ 36. Kf4 h6 37. Rg8+ Kc7 38. Rg7+ Kb6
39. Rg2 Rh1 40. Bd3 h5 41. Rb2+ Kc7 42. Kg3 h4+ 43. Kg2 Rd1 44. Bf5 b5 45. Kh3
Rh1+ 46. Kg2 Rc1 47. Rb3 a5 48. Rb2 a4 49. Rc2 Re1 50. Kf2 Rh1 51. Kg2 Re1 52.
Bh3 Re7 53. f4 Rg7+ 54. Kh2 Rg3 55. f5 Rf3 56. Bg4 Rg3 57. Bh3 Rf3 58. Rc1 Rf2+
59. Kg1 Rxa2 60. f6 Kd8 61. Re1 a3 62. f7 Rb2 63. f8=Q+ Kc7 64. Qe7+ Kb6 65.
Qxa3 Rc2 66. Qc5+ Kb7 67. Re7+ 1-0

[Event "Tournoi Skype 022B"]
[Site "Skype"]
[Date "????.??.??"]
[Round "6.23"]
[White "Bacha, Mehdi"]
[Black "Khatanhar, Mohit"]
[Result "0-1"]
[WhiteElo "1173"]
[BlackElo "1314"]
[PlyCount "106"]

1. e4 e5 2. c4 c5 3. d3 d6 4. Be3 Nf6 5. g3 Bd7 6. Bg2 Nc6 7. Nf3 Qc8 8. O-O
Bh3 9. Re1 Be7 10. Qc2 O-O 11. Nbd2 h6 12. a3 Nd4 13. Qc3 Bxg2 14. Kxg2 Qg4 15.
Bxd4 cxd4 16. Qb3 b6 17. Qd1 Nh5 18. h3 Nf4+ 19. Kg1 Nxh3+ 20. Kg2 f5 21. Nh2
Nf4+ 22. Kh1 Qxd1 23. Rexd1 Nxd3 24. Rf1 Nxb2 25. a4 Nd3 26. a5 bxa5 27. Rxa5
f4 28. Nhf3 fxg3 29. fxg3 Bg5 30. Ra3 Bxd2 31. Nxd2 Rxf1+ 32. Nxf1 Nf2+ 33. Kg2
Nxe4 34. Kf3 Ng5+ 35. Kg4 Nf7 36. Kf5 Kf8 37. Ke6 Ke8 38. Rf3 Ng5+ 39. Kxd6
Nxf3 40. Kd5 Ke7 41. g4 a5 42. Ng3 g6 43. Ke4 Rf8 44. c5 a4 45. Kd5 a3 46. c6
a2 47. c7 a1=Q 48. Ke4 Qe1+ 49. Kd5 Qxg3 50. Kc6 Qxg4 51. Kb7 Qc8+ 52. Kc6 d3
53. Kb6 d2 0-1

[Event "Tournoi Skype 022B"]
[Site "Skype"]
[Date "????.??.??"]
[Round "6.25"]
[White "Battaglia, Gabriele"]
[Black "Dhenain, Sebastien"]
[Result "1-0"]
[WhiteElo "1264"]
[BlackElo "1201"]
[PlyCount "57"]

1. Nf3 d5 2. g3 Nc6 3. Bg2 Nf6 4. O-O e6 5. d3 Bd6 6. Nbd2 O-O 7. Re1 Ne5 8. e4
Nxf3+ 9. Bxf3 dxe4 10. dxe4 Bd7 11. e5 Nd5 12. exd6 Nf6 13. dxc7 Qxc7 14. b3
Qc8 15. Bb2 Ne8 16. Ba3 Nd6 17. Bxd6 Re8 18. Nc4 g6 19. Qd2 e5 20. Nxe5 Bb5 21.
c4 Bd7 22. Nxd7 Rxe1+ 23. Rxe1 Qxd7 24. Re7 Qf5 25. Be4 Qf6 26. Qd5 Rd8 27. c5
Qa1+ 28. Kg2 Qxa2 29. Qxf7+ 1-0

[Event "Tournoi Skype 022B"]
[Site "Skype"]
[Date "????.??.??"]
[Round "6.27"]
[White "Mimouni, Driss"]
[Black "Yilmazer, Seher"]
[Result "1-0"]
[WhiteElo "1068"]
[BlackElo "1174"]
[PlyCount "65"]

1. Nf3 d5 2. d4 Nc6 3. Nc3 Nf6 4. e3 Bf5 5. Bd3 e6 6. O-O Qd7 7. e4 Bg4 8. e5
Nh5 9. h3 Nxd4 10. hxg4 Nxf3+ 11. Qxf3 O-O-O 12. gxh5 d4 13. Bg5 Re8 14. Nb5
Kb8 15. a4 f6 16. Bh4 fxe5 17. Be4 c6 18. Na3 g6 19. a5 Bg7 20. a6 bxa6 21.
Qb3+ Kc8 22. Nc4 Qb7 23. Ra3 Kc7 24. Bg3 gxh5 25. Nxe5 Qxb3 26. Rxb3 Kd6 27.
Nxc6+ Kd7 28. Rb7+ Kc8 29. Rxg7 d3 30. Nxa7+ Kd8 31. Nc6+ Kc8 32. Bxd3 Reg8 33.
Bxa6# 1-0

[Event "Tournoi Skype 022B"]
[Site "Skype"]
[Date "????.??.??"]
[Round "6.28"]
[White "Tekes, Gamze"]
[Black "Amato, Ludovica"]
[Result "0-1"]
[WhiteElo "1016"]
[BlackElo "1267"]
[PlyCount "54"]

1. e4 e5 2. Nc3 Nf6 3. Nf3 Nc6 4. Bc4 Nxe4 5. Nxe4 d5 6. Bxd5 Qxd5 7. Neg5 e4
8. Nh4 Qxg5 9. g3 Be7 10. d4 Qd5 11. Qe2 Nxd4 12. Qd2 e3 13. fxe3 Qxh1+ 14. Kf2
Qxh2+ 15. Ng2 Bh3 16. Qxd4 Qxg2+ 17. Ke1 Qf1+ 18. Kd2 Rd8 19. Kc3 Rxd4 20. exd4
O-O 21. a4 Rd8 22. a5 Bf6 23. Ra4 Qxc1 24. Kb3 Bxd4 25. Rc4 Qxb2+ 26. Ka4 Bd7+
27. Rc6 Bxc6# 0-1

[Event "Tournoi Skype 022B"]
[Site "Skype"]
[Date "????.??.??"]
[Round "6.29"]
[White "Bouffard, Georges"]
[Black "Chothe, Siddhant"]
[Result "1/2-1/2"]
[WhiteElo "1251"]
[BlackElo "1193"]
[PlyCount "129"]

1. d4 d5 2. Bf4 Nf6 3. Nd2 Bf5 4. f3 c6 5. Be3 g6 6. h3 Bg7 7. g4 Be6 8. c3 O-O
9. g5 Ne8 10. h4 f5 11. Bf4 Nd6 12. b3 Bd7 13. Be5 Bxe5 14. dxe5 e6 15. exd6
Be8 16. f4 Qxd6 17. Nh3 e5 18. e3 exf4 19. Nxf4 Rf7 20. Nf3 Re7 21. Qd2 Qxf4
22. Rh3 Rxe3+ 23. Be2 Nd7 24. O-O-O Bf7 25. Rf1 Rae8 26. Nd4 Qe5 27. Rxe3 Qxe3
28. Qxe3 Rxe3 29. Kd2 Re4 30. Nf3 Be6 31. Bd3 Rf4 32. Ke3 Rg4 33. Re1 f4+ 34.
Kd4 Bf5 35. Bxf5 gxf5 36. Re8+ Kf7 37. Rh8 Rg3 38. Rxh7+ Ke6 39. Rh6+ Kf7 40.
Ne5+ Nxe5 41. Kxe5 f3 42. Rf6+ Ke7 43. Rxf5 f2 44. Rxf2 Rxc3 45. g6 Re3+ 46.
Kd4 Re4+ 47. Kd3 Rxh4 48. Rf7+ Ke8 49. Rxb7 Rg4 50. g7 a5 51. Rb8+ Kf7 52. Rb7+
Ke8 53. a4 d4 54. b4 axb4 55. Rxb4 Rxg7 56. Rxd4 Rd7 57. a5 Rxd4+ 58. Kxd4 Kd7
59. Kc5 Kc7 60. a6 Kb8 61. Kxc6 Ka7 62. Kb5 Ka8 63. Kb6 Kb8 64. a7+ Ka8 65. Ka6
1/2-1/2

[Event "Tournoi Skype 022B"]
[Site "Skype"]
[Date "????.??.??"]
[Round "6.30"]
[White "Gerbaux, Regis"]
[Black "Castellano Ayala, Pedro Jose"]
[Result "1-0"]
[WhiteElo "1425"]
[BlackElo "1000"]
[PlyCount "69"]

1. e4 e5 2. Nf3 c6 3. Bc4 d5 4. exd5 cxd5 5. Bb3 Nc6 6. O-O Bg4 7. c3 Nf6 8. d4
e4 9. Re1 h6 10. h3 Bxf3 11. Qxf3 Be7 12. Qd1 O-O 13. c4 Bb4 14. Re3 Re8 15.
cxd5 Nxd5 16. Bxd5 Qxd5 17. Nc3 Bxc3 18. bxc3 Rad8 19. Bb2 Re6 20. Qe2 Rde8 21.
a3 Rg6 22. Re1 Qg5 23. f3 f5 24. Qf2 Ree6 25. Bc1 f4 26. Rxe4 Ne7 27. Rxe6 Nf5
28. Rxg6 Qxg6 29. Bxf4 Kh7 30. Be5 b6 31. d5 h5 32. Kh2 Kh6 33. Rd1 Nd6 34.
Bxd6 Qxd6+ 35. Qg3 1-0

[Event "Tournoi Skype 022B"]
[Site "Skype"]
[Date "????.??.??"]
[Round "6.31"]
[White "Lawton, Tony"]
[Black "Gieschen, Mike"]
[Result "0-1"]
[WhiteElo "1000"]
[BlackElo "1234"]
[PlyCount "58"]

1. e4 c5 2. b3 e5 3. Nf3 d6 4. Bb2 Nf6 5. d3 Be7 6. Nbd2 O-O 7. Be2 Be6 8. c4
Nc6 9. Qc2 h6 10. a3 a6 11. O-O Nh5 12. Ne1 Nf4 13. Bd1 Qd7 14. Ndf3 f5 15.
exf5 Bxf5 16. h3 Bh4 17. Nxh4 Nxh3+ 18. gxh3 Bxh3 19. Nhg2 Rf5 20. Bc1 Raf8 21.
f4 g5 22. Kh2 Bxg2 23. Nxg2 gxf4 24. Bg4 Nd4 25. Qd2 Qc6 26. Bxf5 Rxf5 27. Rg1
Nf3+ 28. Kh1 Nxd2 29. Bxd2 Rh5# 0-1

[Event "Tournoi Skype 022B"]
[Site "Skype"]
[Date "????.??.??"]
[Round "6.32"]
[White "Schnell, Nicolas"]
[Black "Baker, Abi"]
[Result "0-1"]
[WhiteElo "1000"]
[BlackElo "1133"]
[PlyCount "96"]

1. e4 e6 2. Nc3 Ne7 3. Nf3 d5 4. Bb5+ c6 5. Ba4 Bd7 6. Ne5 Qc7 7. d4 b5 8. Bb3
a5 9. a4 b4 10. Nb1 c5 11. Qh5 g6 12. Qg5 h6 13. Qf6 Rh7 14. Bf4 cxd4 15. Ng4
Qb7 16. Bd6 dxe4 17. Ne5 e3 18. O-O Nbc6 19. Nc4 Nd5 20. fxe3 Nxf6 21. Be5 Ng4
22. h3 Ngxe5 23. Nxe5 Nxe5 24. exd4 Nc6 25. d5 Nd4 26. Bc4 Nxc2 27. Ra2 Bc5+
28. Kh1 Ne3 29. Rf4 Qc7 30. Re4 Nf1 31. Bxf1 h5 32. dxe6 fxe6 33. b3 Rf7 34.
Nd2 O-O-O 35. Ba6+ Kb8 36. Rc2 e5 37. Rec4 Qb6 38. Bb5 Bxb5 39. axb5 Qxb5 40.
Rxc5 Qd3 41. Rc8+ Rxc8 42. Rxc8+ Kxc8 43. Nf3 Qxb3 44. h4 Qb1+ 45. Kh2 e4 46.
Ng1 e3 47. g4 hxg4 48. Kg3 Qxg1# 0-1

[Event "Tournoi Skype 022B"]
[Site "Skype"]
[Date "????.??.??"]
[Round "7.1"]
[White "Junqueira, Leonardo De Faria"]
[Black "Ricieri, Vanilda"]
[Result "1/2-1/2"]
[WhiteElo "1400"]
[BlackElo "1327"]
[PlyCount "58"]

1. e4 c5 2. d4 cxd4 3. c3 dxc3 4. Nxc3 g6 5. Bc4 Bg7 6. Nf3 Nc6 7. O-O Nf6 8.
Bg5 O-O 9. Bb3 d6 10. h3 Bd7 11. Qd2 a6 12. Rad1 Rc8 13. e5 Ne8 14. exd6 Nxd6
15. Bh6 Na5 16. Bxg7 Kxg7 17. Bd5 Nc6 18. Ne4 Nxe4 19. Bxe4 Nb8 20. Bxb7 Ba4
21. b3 Qxd2 22. Rxd2 Bb5 23. Rfd1 Rc7 24. Bd5 e6 25. Bc4 Bxc4 26. bxc4 Rxc4 27.
Rd8 Rxd8 28. Rxd8 Nc6 29. Rc8 Ne5 1/2-1/2